Every Landlocked Country In The World - Statistics

General Stats
  • This quiz has been taken 66 times
  • The average score is 34 of 45
Answer Stats
Hint Answer % Correct
South America Bolivia
87%
Europe Luxembourg
85%
Asia Kazakhstan
84%
Asia Mongolia
84%
Europe Austria
82%
Europe Belarus
82%
Africa Niger
82%
Europe Andorra
80%
Africa Chad
80%
Europe Czech Republic
80%
Europe San Marino
80%
Asia Turkmenistan
80%
Asia Uzbekistan
80%
Europe Vatican
80%
Asia Afghanistan
78%
Asia Bhutan
78%
Africa Lesotho
78%
South Africa Paraguay
78%
Africa Zambia
78%
Africa Central African Republic
76%
Africa Eswatini
76%
Africa Mali
76%
Asia Nepal
76%
Europe Switzerland
76%
Africa Botswana
75%
Africa Ethiopia
75%
Europe Hungary
75%
Europe Kosovo
75%
Asia Kyrgyzstan
75%
Europe Moldova
75%
Europe North Macedonia
75%
Europe Slovakia
75%
Africa South Sudan
75%
Asia Tajikistan
75%
Asia Armenia
73%
Africa Burkina Faso
73%
Africa Burundi
73%
Europe Serbia
73%
Africa Zimbabwe
73%
Asia Laos
71%
Africa Rwanda
71%
Asia Azerbaijan
69%
Africa Malawi
69%
Africa Uganda
64%
Europe Liechtenstien
22%
No matching quizzes found
Score Distribution
Percent of People with Each Score
Percentile by Number Answered
Your Score History
You have not taken this quiz